[Event "Alpenpokal 2010"]
[Site "Fischen-Langenwang"]
[Date "2010.01.15"]
[Round "2.3"]
[White "Wempe, Jürgen"]
[Black "Josting, Friedel"]
[Result "1/2-1/2"]
[WhiteElo "2170"]
[BlackElo "2008"]
[PlyCount "31"]
[EventDate "2010.??.??"]
[WhiteTeam "SK Union Oldenburg"]
[BlackTeam "Schachgemeinschaft Bünde 1945"]

1. e4 c5 2. Nf3 e6 3. c4 Nc6 4. Nc3 a6 5. Bd3 Qc7 6. O-O Bd6 7. Kh1 Nge7 8. Qe1
b6 9. b3 Bb7 10. Bb2 Nd4 11. Nxd4 cxd4 12. Ne2 e5 13. f4 Nc6 14. f5 f6 15. Rc1
Qd8 16. Qh4 1/2-1/2

[Event "Alpenpokal 2010"]
[Site "Fischen-Langenwang"]
[Date "2010.01.20"]
[Round "7.2"]
[White "Schell, John"]
[Black "Martino-Groß, Peter"]
[Result "1/2-1/2"]
[WhiteElo "1938"]
[BlackElo "2101"]
[PlyCount "29"]
[EventDate "2010.??.??"]
[BlackTeam "Schachclub Solingen 1928 e.V."]

1. e4 e6 2. d4 d5 3. e5 c5 4. c3 Qb6 5. Nf3 Nc6 6. a3 Nh6 7. b4 cxb4 8. cxb4
Nf5 9. Be3 f6 10. b5 Nxe5 11. dxe5 Nxe3 12. fxe3 Qxe3+ 13. Qe2 Qc1+ 14. Qd1
Qe3+ 15. Qe2 1/2-1/2

[Event "Alpenpokal 2010"]
[Site "Fischen-Langenwang"]
[Date "2010.01.22"]
[Round "9.3"]
[White "Vreugdenhil, Frans"]
[Black "Martino-Groß, Peter"]
[Result "1/2-1/2"]
[WhiteElo "2024"]
[BlackElo "2101"]
[PlyCount "27"]
[EventDate "2010.??.??"]
[WhiteTeam "Gravensande"]
[BlackTeam "Schachclub Solingen 1928 e.V."]

1. e4 e6 2. d4 d5 3. Nc3 Bb4 4. Bd2 dxe4 5. Qg4 Nf6 6. Qxg7 Rg8 7. Qh6 Qxd4 8.
O-O-O Bf8 9. Qh4 Rg4 10. Qh3 Qxf2 11. Be2 Rg6 12. g4 Qc5 13. Be3 Qa5 14. Kb1
1/2-1/2

[Event "Alpenpokal 2010"]
[Site "Fischen-Langenwang"]
[Date "2010.01.17"]
[Round "4.2"]
[White "Van Baarle, John"]
[Black "Jolowicz, Matias"]
[Result "1/2-1/2"]
[WhiteElo "2241"]
[BlackElo "2242"]
[PlyCount "20"]
[EventDate "2010.??.??"]
[WhiteTeam "Gravensande"]
[BlackTeam "SVG Salzgitter e.V."]

1. d4 Nf6 2. c4 g6 3. Nc3 Bg7 4. e4 d6 5. Nf3 O-O 6. Be2 e5 7. dxe5 dxe5 8.
Qxd8 Rxd8 9. Bg5 Re8 10. O-O-O Na6 1/2-1/2